LIBRARY & INFORMATION CENTRE, KCAET, TAVANUR

ONLINE PUBLIC ACCESS CATALOGUE (OPAC)

Child care and Guidance / (Record no. 653)

MARC details
000 -LEADER
fixed length control field 00474cam a2200181ua 4500
041 ## - LANGUAGE CODE
Language code of text/sound track or separate title eng
082 ## - DEWEY DECIMAL CLASSIFICATION NUMBER
Classification number 612.654
Item number GOO/CH
100 ## - MAIN ENTRY--AUTHOR NAME
Personal name Good speed , Helen. .
245 ## - TITLE STATEMENT
Title Child care and Guidance /
250 ## - EDITION STATEMENT
Edition statement rev /
260 ## - PUBLICATION, DISTRIBUTION, ETC. (IMPRINT)
Place of publication Chicago :
Name of publisher J B Lippincott Company ,
Year of publication 1953.
300 ## - PHYSICAL DESCRIPTION
Number of Pages 278 ; .
700 1# - ADDED ENTRY--PERSONAL NAME
Personal name Mason, Esther R .
700 1# - ADDED ENTRY--PERSONAL NAME
Personal name Woods, Elizabeth L .
942 ## - ADDED ENTRY ELEMENTS (KOHA)
Koha item type Books
Holdings
Withdrawn status Lost status Damaged status Home library Current library Date acquired Full call number Accession Number Koha item type
      KAUAET KAUAET 07/04/2012 612.654 743 Books
free website counter